| 000 | 00457 a2200181 4500 | ||
|---|---|---|---|
| 005 | 20260116160658.0 | ||
| 008 | 260116b |||||||| |||| 00| 0 eng d | ||
| 020 |
_a9789356562455 _cRs. 475.00 |
||
| 040 | _aMAIN | ||
| 082 |
_a823.8 _bD555T |
||
| 100 | _aDickens, Charles | ||
| 245 | _aTale of two cities | ||
| 260 |
_bDouble 9 Books _c2024 _aNew Delhi |
||
| 300 | _a393 | ||
| 650 | _aEnglish Literature | ||
| 650 | _aEnglish Fiction | ||
| 942 | _cBK | ||
| 999 |
_c395118 _d395118 |
||